[Event "EU-ch 23rd"]
[Site "Vrnjacka Banja"]
[Date "2023.03.11"]
[Round "9"]
[White "Peyrer, Konstantin"]
[Black "Parligras, Cosmin"]
[Result "1-0"]
[WhiteElo "2395"]
[BlackElo "2260"]
[PlyCount "101"]
[EventDate "2023.03.03"]
[EventType "swiss"]
[EventRounds "11"]
[EventCountry "SRB"]
[SourceTitle "CBM 213"]
[Source "ChessBase"]
[SourceDate "2023.04.30"]
[SourceVersion "1"]
[SourceVersionDate "2023.04.30"]
[SourceQuality "1"]

1. Nf3 d5 2. g3 Nf6 3. Bg2 g6 4. 0-0 Bg7 5. d4 0-0 6. c3 b6 7. a4 a5 8. Bf4 Bb7 9. Na3 e6 10. Rc1 Na6 11. Be5 Qe7 12. e3 Rfd8 13. Nd2 Rac8 14. Qe2 c6 15. e4 Nb8 16. Rfe1 Ba6 17. Qd1 Nxe4 18. Bxg7 Nxd2 19. Bh6 Nc4 20. Nxc4 Bxc4 21. h4 Re8 22. h5 Nd7 23. Bh3 Qf6 24. Bf4 c5 25. Kg2 cxd4 26. cxd4 Ba6 27. Rxc8 Rxc8 28. Be3 Qg7 29. h6 Qf8 30. Bg5 Rc6 31. b3 Qb4 32. Re3 Rc3 33. Rxe6 fxe6 34. Bxe6+ Kf8 35. Bxd7 Rd3 36. Qc1 Qd6 37. Bc8 Rd1 38. Qxd1 Bxc8 39. Qc1 Bf5 40. f3 Bd7 41. Bf4 Qc6 42. Qd2 Ke8 43. g4 Kd8 44. Kg3 Kc8 45. Be5 Kb7 46. Kh4 Qe6 47. Qg5 b5 48. Qd8 bxa4 49. bxa4 Bxa4 50. Qc7+ Ka6 51. Qxh7 1-0

[Event "EU-ch 23rd"]
[Site "Vrnjacka Banja"]
[Date "2023.03.05"]
[Round "3"]
[White "Bozanic, Jovan"]
[Black "Parligras, Cosmin"]
[Result "1/2-1/2"]
[WhiteElo "1934"]
[BlackElo "2260"]
[PlyCount "38"]
[EventDate "2023.03.03"]
[EventType "swiss"]
[EventRounds "11"]
[EventCountry "SRB"]
[SourceTitle "CBM 213"]
[Source "ChessBase"]
[SourceDate "2023.04.30"]
[SourceVersion "1"]
[SourceVersionDate "2023.04.30"]
[SourceQuality "1"]

1. Nf3 d5 2. g3 c6 3. Bg2 Bg4 4. 0-0 Nd7 5. h3 Bh5 6. d3 e5 7. e4 dxe4 8. dxe4 Ngf6 9. Re1 Be7 10. Nbd2 0-0 11. Nc4 Qc7 12. Bg5 Rfe8 13. c3 h6 14. Bxf6 Bxf6 15. Qd6 Rac8 16. Rad1 Nb6 17. Qxc7 Rxc7 18. Nxb6 Bxf3 19. Bxf3 axb6 1/2-1/2

[Event "Prague Summer op 9th"]
[Site "Prague"]
[Date "2022.08.10"]
[Round "7"]
[White "Parligras, Cosmin"]
[Black "Kristiansen, Willy"]
[Result "1-0"]
[WhiteElo "2277"]
[BlackElo "2121"]
[PlyCount "83"]
[EventDate "2022.08.05"]
[EventType "swiss"]
[EventRounds "9"]
[EventCountry "CZE"]
[SourceTitle "CBM 209 Extra"]
[Source "ChessBase"]
[SourceDate "2022.09.30"]
[SourceVersion "1"]
[SourceVersionDate "2022.09.30"]
[SourceQuality "1"]

1. Nf3 d5 2. c4 e6 3. g3 c5 4. cxd5 exd5 5. d4 Nc6 6. Bg2 Nf6 7. 0-0 Be7 8. b3 0-0 9. dxc5 Bxc5 10. Bb2 Re8 11. Nc3 Bg4 12. Rc1 Bf8 13. h3 Bh5 14. e3 Qa5 15. a3 Ne4 16. b4 Nxb4 17. axb4 Qxb4 18. Ba1 Rad8 19. g4 Bg6 20. Qd4 Qa5 21. Qa4 Qxa4 22. Nxa4 b5 23. Nc3 Nxc3 24. Bxc3 b4 25. Bd4 b3 26. Ne5 Bc2 27. Nc6 Rd7 28. Ra1 g5 29. Ne5 Rde7 30. Nc6 Rc7 31. Nxa7 Bg7 32. Nb5 Rd7 33. Bxg7 Kxg7 34. Nd4 Bd3 35. Nxb3 Bxf1 36. Kxf1 Rb8 37. Nd4 f6 38. Bf3 Rb2 39. Ra5 h5 40. gxh5 Rbb7 41. Bxd5 Ra7 42. Rc5 1-0

[Event "Prague Summer op 9th"]
[Site "Prague"]
[Date "2022.08.08"]
[Round "5"]
[White "Parligras, Cosmin"]
[Black "Soural, Jan"]
[Result "1/2-1/2"]
[WhiteElo "2277"]
[BlackElo "2144"]
[PlyCount "58"]
[EventDate "2022.08.05"]
[EventType "swiss"]
[EventRounds "9"]
[EventCountry "CZE"]
[SourceTitle "CBM 209 Extra"]
[Source "ChessBase"]
[SourceDate "2022.09.30"]
[SourceVersion "1"]
[SourceVersionDate "2022.09.30"]
[SourceQuality "1"]

1. e4 c5 2. Nc3 g6 3. f4 Bg7 4. Nf3 Nc6 5. Bc4 e6 6. f5 Nge7 7. fxe6 dxe6 8. d3 Nd4 9. Nxd4 cxd4 10. Ne2 Nc6 11. 0-0 0-0 12. a3 Bd7 13. Bf4 e5 14. Bd2 Qe7 15. c3 Be6 16. Bxe6 Qxe6 17. cxd4 Nxd4 18. Nxd4 exd4 19. Rc1 Rac8 20. Qa4 a6 21. Qb4 Qd7 22. h3 h5 23. Bf4 Rxc1 24. Rxc1 Rc8 25. Rc5 Rxc5 26. Qxc5 Qa4 27. Qc8+ Kh7 28. Qc1 Qb3 29. Qd2 b5 1/2-1/2

[Event "Bad Woerishofen op 36th"]
[Site "Bad Woerishofen"]
[Date "2020.03.10"]
[Round "5"]
[White "De Abreu, Roberto N"]
[Black "Parligras, Cosmin"]
[Result "0-1"]
[WhiteElo "2181"]
[BlackElo "2252"]
[PlyCount "112"]
[EventDate "2020.03.06"]
[EventType "swiss"]
[EventRounds "9"]
[EventCountry "GER"]
[SourceTitle "CBM 195 Extra"]
[Source "ChessBase"]
[SourceDate "2020.05.31"]
[SourceVersion "1"]
[SourceVersionDate "2020.05.31"]
[SourceQuality "1"]

1. d4 Nf6 2. c4 e6 3. g3 Bb4+ 4. Nc3 c5 5. Nf3 cxd4 6. Nxd4 Ne4 7. Qd3 Nxc3 8. bxc3 Be7 9. Nb5 d5 10. cxd5 a6 11. d6 axb5 12. dxe7 Qxd3 13. exd3 Bd7 14. Be3 Bc6 15. Rg1 Nd7 16. Kd2 Kxe7 17. Be2 Ra5 18. Rgb1 Rha8 19. Rb2 Kd6 20. f4 f6 21. g4 Bd5 22. c4 Bc6 23. Bd4 bxc4 24. Bc3 Rd5 25. Ke3 cxd3 26. Bxd3 Kc7 27. h4 e5 28. Bxh7 exf4+ 29. Kxf4 Ra4+ 30. Kg3 Ne5 31. Bxe5+ Rxe5 32. Rb3 Re2 33. Bf5 g6 34. Bxg6 Rg2+ 35. Kh3 Rgxg4 36. Bf5 Rxh4+ 37. Kg3 Rh5 38. Bh3 Rg5+ 39. Kh2 Rh4 40. Rg1 Bd7 41. Rc1+ Kb8 42. Rcb1 Bc8 43. Rc1 Rg8 44. Rbc3 Bd7 45. Rd3 Bf5 46. Rf3 Bg4 47. Rg1 f5 48. Rgg3 Rgh8 49. Kg2 Bxf3+ 50. Rxf3 Rxh3 51. Rxh3 Rxh3 52. Kxh3 Kc7 53. Kg3 Kd6 54. Kf4 Ke6 55. a4 b6 56. Kf3 Kd5 0-1

[Event "Bad Woerishofen op 36th"]
[Site "Bad Woerishofen"]
[Date "2020.03.06"]
[Round "1"]
[White "Kroencke, Manfred"]
[Black "Parligras, Cosmin"]
[Result "0-1"]
[WhiteElo "1997"]
[BlackElo "2252"]
[PlyCount "76"]
[EventDate "2020.03.06"]
[EventType "swiss"]
[EventRounds "9"]
[EventCountry "GER"]
[SourceTitle "CBM 195 Extra"]
[Source "ChessBase"]
[SourceDate "2020.05.31"]
[SourceVersion "1"]
[SourceVersionDate "2020.05.31"]
[SourceQuality "1"]

1. e4 c5 2. Nf3 a6 3. g3 Nc6 4. Bg2 Nf6 5. d3 d5 6. e5 Nd7 7. Bf4 e6 8. 0-0 Be7 9. h4 h6 10. h5 Bg5 11. Nbd2 Bxf4 12. gxf4 f5 13. c3 Nf8 14. Nb3 Qe7 15. Re1 Rg8 16. Kf1 g6 17. hxg6 Nxg6 18. Qd2 b6 19. Bh1 Bb7 20. Ke2 0-0-0 21. Rg1 d4 22. cxd4 Nxd4+ 23. Nfxd4 cxd4 24. Rac1+ Kb8 25. Bxb7 Qxb7 26. Rh1 Rh8 27. Rh2 h5 28. Rc4 Rc8 29. Rxd4 Rhd8 30. Rxd8 Rxd8 31. Rxh5 Qg2 32. Rg5 Qh2 33. Qe3 Nxf4+ 34. Kf1 Nd5 35. Qg3 Qh1+ 36. Ke2 Qb1 37. Rg8 Nf4+ 38. Qxf4 Qxd3+ 0-1

[Event "Netanya op"]
[Site "Netanya"]
[Date "2019.06.25"]
[Round "3"]
[White "Zoler, Dan"]
[Black "Parligras, Cosmin"]
[Result "1-0"]
[WhiteElo "2499"]
[BlackElo "2198"]
[PlyCount "131"]
[EventDate "2019.06.23"]
[EventType "swiss"]
[EventRounds "9"]
[EventCountry "ISR"]
[SourceTitle "CBM 191 Extra"]
[Source "ChessBase"]
[SourceDate "2019.09.30"]
[SourceVersion "1"]
[SourceVersionDate "2019.09.30"]
[SourceQuality "1"]

1. d4 Nf6 2. c4 e6 3. Nf3 b6 4. Bf4 Bb7 5. e3 Nh5 6. Bg3 d6 7. Nc3 Nxg3 8. hxg3 Nd7 9. Bd3 g6 10. Qc2 Bg7 11. 0-0-0 Qe7 12. Kb1 a6 13. Be4 c6 14. Rh4 f5 15. Bd3 Bf6 16. Rhh1 e5 17. dxe5 Nxe5 18. Nxe5 Bxe5 19. e4 fxe4 20. Nxe4 0-0-0 21. f4 Bf6 22. Be2 Kb8 23. Bf3 d5 24. Nxf6 Qxf6 25. cxd5 cxd5 26. Rd2 Rd6 27. Rhd1 Rc8 28. Qd3 Rc5 29. a3 Ka7 30. Re1 Re6 31. Rxe6 Qxe6 32. Re2 Qd6 33. Re5 a5 34. Qb3 Qd7 35. g4 Qd6 36. g3 Bc6 37. g5 Bb7 38. Qd3 Rc7 39. Qd4 Rc4 40. Qd3 Rc7 41. Re1 d4 42. Bxb7 Rxb7 43. Re4 Rd7 44. Qc4 Kb7 45. Re6 Qc5 46. Qxc5 bxc5 47. a4 Rc7 48. Kc2 Rc6 49. Re7+ Rc7 50. Re6 Rc6 51. Re5 Rc7 52. Kd3 Kc6 53. Kc4 Kd6 54. Rd5+ Ke6 55. g4 Rf7 56. Rxc5 Rxf4 57. Rxa5 Rxg4 58. Kd3 Kd6 59. b4 Kc6 60. Rc5+ Kb6 61. a5+ Ka6 62. Rc6+ Kb7 63. b5 Rxg5 64. a6+ Ka7 65. Kc4 Rg1 66. Rc7+ 1-0

[Event "Harkany Tenkes Cup 42nd"]
[Site "Harkany"]
[Date "2018.11.29"]
[Round "8"]
[White "Pasti, Aron"]
[Black "Parligras, Cosmin"]
[Result "1/2-1/2"]
[WhiteElo "2196"]
[BlackElo "2213"]
[PlyCount "93"]
[EventDate "2018.11.23"]
[EventType "swiss"]
[EventRounds "9"]
[EventCountry "HUN"]
[SourceTitle "CBM 187 Extra"]
[Source "ChessBase"]
[SourceDate "2018.11.04"]
[SourceVersion "1"]
[SourceVersionDate "2018.11.04"]
[SourceQuality "1"]

1. e4 d6 2. d4 Nf6 3. Nc3 e5 4. Nf3 Nbd7 5. Be2 Be7 6. 0-0 0-0 7. Be3 c6 8. a4 a5 9. h3 Qc7 10. Bc4 Nxe4 11. Nxe4 d5 12. Bxd5 cxd5 13. Nc3 Qd6 14. dxe5 Nxe5 15. Bf4 Nxf3+ 16. Qxf3 Qd8 17. Nxd5 Bd6 18. Rad1 Ra6 19. Nc3 Qe7 20. Nd5 Qd8 21. Rfe1 Be6 22. Bxd6 Rxd6 23. Nc3 Rxd1 24. Rxd1 Qb6 25. Nb5 Qc5 26. Qc3 Qxc3 27. Nxc3 Rc8 28. Rd6 Bf5 29. Rb6 Bxc2 30. Rxb7 g6 31. Rb5 Ra8 32. f3 h5 33. Kf2 Bd3 34. Rd5 Bc4 35. Rc5 Bd3 36. g4 h4 37. Ke3 Bf1 38. Kf2 Bd3 39. Nb5 Rd8 40. Nc7 Rb8 41. Nb5 Rd8 42. Ke3 Bf1 43. Rc1 Bxb5 44. axb5 Rd5 45. Rc8+ Kg7 46. Rb8 a4 47. Rb7 1/2-1/2

[Event "Harkany Tenkes Cup 42nd"]
[Site "Harkany"]
[Date "2018.11.23"]
[Round "1"]
[White "Parligras, Cosmin"]
[Black "Pasti, Anna"]
[Result "1-0"]
[WhiteElo "2213"]
[BlackElo "1832"]
[PlyCount "75"]
[EventDate "2018.11.23"]
[EventType "swiss"]
[EventRounds "9"]
[EventCountry "HUN"]
[SourceTitle "CBM 187 Extra"]
[Source "ChessBase"]
[SourceDate "2018.11.04"]
[SourceVersion "1"]
[SourceVersionDate "2018.11.04"]
[SourceQuality "1"]

1. Nf3 c5 2. e4 e6 3. c3 d5 4. exd5 Qxd5 5. d4 Nc6 6. Be2 a6 7. 0-0 cxd4 8. cxd4 Nf6 9. Nc3 Qd8 10. Be3 Be7 11. Qd2 Nb4 12. Rad1 Nbd5 13. Ne5 0-0 14. Bd3 b5 15. Nc6 Qd7 16. Nxe7+ Nxe7 17. Bg5 Ned5 18. Be4 Bb7 19. Bxd5 Nxd5 20. Ne4 h6 21. Bxh6 gxh6 22. Qxh6 f6 23. Nc5 Qe7 24. Qg6+ Kh8 25. Rd3 Rf7 26. Rh3+ Rh7 27. Qxh7+ Qxh7 28. Rxh7+ Kxh7 29. Nxb7 Nf4 30. Re1 Rc8 31. g3 Nd3 32. Rxe6 Rc1+ 33. Kg2 f5 34. d5 Ne1+ 35. Kh3 Nf3 36. Re7+ Kg6 37. d6 f4 38. Kg2 1-0

[Event "Tatry op"]
[Site "Tatranske Zruby"]
[Date "2018.10.06"]
[Round "8"]
[White "Parligras, Cosmin"]
[Black "Zylka, Stanislaw"]
[Result "1/2-1/2"]
[WhiteElo "2203"]
[BlackElo "2327"]
[PlyCount "46"]
[EventDate "2018.09.30"]
[EventType "swiss"]
[EventRounds "9"]
[EventCountry "SVK"]
[SourceTitle "CBM 186 Extra"]
[Source "ChessBase"]
[SourceDate "2018.08.24"]
[SourceVersion "1"]
[SourceVersionDate "2018.08.24"]
[SourceQuality "1"]

1. e4 c5 2. c3 d5 3. exd5 Qxd5 4. d4 Nf6 5. Nf3 e6 6. Na3 Nc6 7. Nb5 Qd8 8. dxc5 Bxc5 9. Qxd8+ Kxd8 10. Bf4 Nd5 11. Rd1 Ke7 12. Bg3 a6 13. Nbd4 Nxd4 14. Nxd4 Rd8 15. Be2 Nb6 16. Nb3 Rxd1+ 17. Kxd1 Bd6 18. Bxd6+ Kxd6 19. Kc1 Kc7 20. Nc5 Bd7 21. Nxd7 Nxd7 22. Rd1 Ne5 23. Kc2 Rd8 1/2-1/2

[Event "Tatry op"]
[Site "Tatranske Zruby"]
[Date "2018.10.01"]
[Round "3"]
[White "Chubar, Vladimir"]
[Black "Parligras, Cosmin"]
[Result "1/2-1/2"]
[WhiteElo "2001"]
[BlackElo "2203"]
[PlyCount "130"]
[EventDate "2018.09.30"]
[EventType "swiss"]
[EventRounds "9"]
[EventCountry "SVK"]
[SourceTitle "CBM 186 Extra"]
[Source "ChessBase"]
[SourceDate "2018.08.24"]
[SourceVersion "1"]
[SourceVersionDate "2018.08.24"]
[SourceQuality "1"]

1. Nf3 Nf6 2. d4 d5 3. Bf4 c5 4. e3 Qb6 5. Nc3 c4 6. Rb1 Bg4 7. Be2 e6 8. 0-0 Be7 9. Ne5 Bxe2 10. Qxe2 Nbd7 11. e4 Nxe5 12. Bxe5 0-0 13. exd5 exd5 14. Bxf6 Bxf6 15. Nxd5 Qxd4 16. Nxf6+ gxf6 17. Rfd1 Qc5 18. Qf3 Qc6 19. Qxc6 bxc6 20. Rd4 c3 21. Rg4+ Kh8 22. b3 Rad8 23. Rc4 Rd2 24. Rxc3 Re8 25. Rxc6 Kg7 26. Rc3 Ree2 27. Rg3+ Kf8 28. Rf3 Rxc2 29. a4 Rb2 30. Rf1 Re6 31. g3 Rb6 32. Rc1 R2xb3 33. Rxb3 Rxb3 34. Rc7 Ra3 35. Rxa7 f5 36. Kg2 Kg7 37. a5 Kf6 38. a6 Kg7 39. Ra8 Kf6 40. a7 Kg7 41. h3 h6 42. Kf1 Ra2 43. Ke1 Kh7 44. Kd1 Kg7 45. Kc1 h5 46. Kb1 Ra5 47. f4 Ra6 48. Kb2 Ra5 49. Kb3 Ra1 50. Kb4 Ra2 51. Kb5 Ra1 52. Kb6 Rb1+ 53. Kc5 Ra1 54. Kd5 Ra2 55. Kd4 Ra1 56. h4 Ra2 57. Ke5 Ra5+ 58. Kd6 Ra1 59. Kc5 Ra2 60. Kd6 Ra1 61. Ke7 Re1+ 62. Kd8 Rd1+ 63. Kc7 Rc1+ 64. Kb6 Rb1+ 65. Kc5 Ra1 1/2-1/2

[Event "Panevezys Elite op"]
[Site "Panevezys"]
[Date "2018.07.06"]
[Round "9"]
[White "Parligras, Cosmin"]
[Black "Bjerre, Jonas Buhl"]
[Result "1/2-1/2"]
[WhiteElo "2231"]
[BlackElo "2436"]
[PlyCount "91"]
[EventDate "2018.06.29"]
[EventType "swiss"]
[EventRounds "9"]
[EventCountry "LTU"]
[SourceTitle "CBM 185 Extra"]
[Source "ChessBase"]
[SourceDate "2018.07.29"]
[SourceVersion "1"]
[SourceVersionDate "2018.07.29"]
[SourceQuality "1"]

1. d4 Nf6 2. c4 e6 3. Nf3 c5 4. Nc3 cxd4 5. Nxd4 Bb4 6. Qc2 0-0 7. e3 b6 8. Be2 Bb7 9. 0-0 Nc6 10. Nxc6 Bxc6 11. a3 Be7 12. e4 Qc7 13. Be3 Bc5 14. Qd3 Rad8 15. b4 Bxe3 16. Qxe3 d5 17. cxd5 exd5 18. Nxd5 Nxd5 19. exd5 Bxd5 20. Qg3 Qe7 21. Bf3 a5 22. bxa5 bxa5 23. Bxd5 Rxd5 24. Rfd1 Qd7 25. Qb3 Rd8 26. Qxd5 Qxd5 27. Rxd5 Rxd5 28. Kf1 Kf8 29. Ke2 Ke7 30. Rd1 Rb5 31. Ke3 Ke6 32. Rd3 g5 33. h3 f5 34. g3 h5 35. f4 g4 36. h4 Rb1 37. Kd4 Rf1 38. Re3+ Kd6 39. Re5 Rd1+ 40. Kc4 Rc1+ 41. Kb5 Rc3 42. a4 Rxg3 43. Rxf5 Rd3 44. Kc4 Rf3 45. Kb5 Rd3 46. Kc4 1/2-1/2

[Event "Liberec op 18th"]
[Site "Liberec"]
[Date "2018.03.03"]
[Round "9"]
[White "Parligras, Cosmin"]
[Black "Gurack, Daniel"]
[Result "1-0"]
[WhiteElo "2214"]
[BlackElo "2084"]
[PlyCount "95"]
[EventDate "2018.02.24"]
[EventType "swiss"]
[EventRounds "9"]
[EventCountry "CZE"]
[SourceTitle "CBM 183 Extra"]
[Source "ChessBase"]
[SourceDate "2018.04.19"]
[SourceVersion "1"]
[SourceVersionDate "2018.04.19"]
[SourceQuality "1"]

1. c4 e6 2. Nf3 d5 3. d4 Nf6 4. Nc3 Be7 5. Bf4 0-0 6. e3 b6 7. a3 c5 8. dxc5 bxc5 9. Be2 Nc6 10. 0-0 h6 11. Qa4 Qb6 12. Rfd1 Rd8 13. Rd2 Ne4 14. Nxe4 dxe4 15. Rxd8+ Bxd8 16. Ne5 Bb7 17. b4 Nxe5 18. Bxe5 Bc7 19. Bxc7 Qxc7 20. Rd1 Bc6 21. Qc2 Rd8 22. Rxd8+ Qxd8 23. bxc5 Qa5 24. Qb3 Qxc5 25. Qb8+ Kh7 26. Qc7 Qb6 27. Qxb6 axb6 28. Kf1 Kg8 29. Ke1 Kf8 30. Kd2 Ke7 31. Kc3 Kd6 32. Kb4 g5 33. Bd1 f5 34. Ba4 Bxa4 35. Kxa4 Kc5 36. Kb3 g4 37. g3 b5 38. cxb5 Kxb5 39. a4+ Kc5 40. Kc3 h5 41. Kb3 Kb6 42. Kb4 Ka6 43. Kc5 Ka5 44. Kd6 Kxa4 45. Kxe6 Kb3 46. Kxf5 Kc3 47. Kxe4 Kd2 48. f3 1-0

[Event "Liberec op 18th"]
[Site "Liberec"]
[Date "2018.03.02"]
[Round "8"]
[White "Parligras, Cosmin"]
[Black "Ochedzan, Tymon"]
[Result "1/2-1/2"]
[WhiteElo "2214"]
[BlackElo "1979"]
[PlyCount "142"]
[EventDate "2018.02.24"]
[EventType "swiss"]
[EventRounds "9"]
[EventCountry "CZE"]
[SourceTitle "CBM 183 Extra"]
[Source "ChessBase"]
[SourceDate "2018.04.19"]
[SourceVersion "1"]
[SourceVersionDate "2018.04.19"]
[SourceQuality "1"]

1. e4 c5 2. Nc3 Nc6 3. Bb5 Nd4 4. Bc4 g6 5. Nf3 Bg7 6. Nxd4 cxd4 7. Qf3 e6 8. Nb5 Be5 9. c3 a6 10. Nxd4 Ne7 11. Ne2 d5 12. Bb3 0-0 13. d4 Bg7 14. 0-0 b5 15. Bg5 f6 16. Bd2 Bb7 17. Nf4 Qd6 18. exd5 Nxd5 19. Bxd5 exd5 20. Nd3 Rae8 21. Rfe1 g5 22. Re2 Rxe2 23. Qxe2 Bc6 24. Re1 Re8 25. Qd1 Rxe1+ 26. Qxe1 Bf8 27. Nc5 Bd7 28. Qe2 Qc6 29. Nxd7 Qxd7 30. Qf3 Be7 31. g4 Kg7 32. Kg2 h6 33. Qf5 Qxf5 34. gxf5 h5 35. h3 Kf7 36. Kf3 Ke8 37. Ke2 Kd7 38. Kd3 Kc6 39. b3 Bf8 40. a4 Be7 41. axb5+ axb5 42. c4 bxc4+ 43. bxc4 dxc4+ 44. Kxc4 g4 45. h4 Bd6 46. d5+ Kd7 47. Bc3 Be7 48. Bb4 Bd8 49. Kd4 Bc7 50. Ke4 Bb6 51. Bc3 Bd8 52. Bb2 Kd6 53. Ba3+ Kd7 54. Bc5 Bc7 55. Bd4 Bd8 56. Bc5 Bc7 57. f3 gxf3 58. Kxf3 Ba5 59. Bd4 Bd8 60. Ke4 Kd6 61. Bb2 Kd7 62. Kd4 Bb6+ 63. Kc4 Bd8 64. Bd4 Kd6 65. Bc3 Kd7 66. Kd4 Bb6+ 67. Ke4 Bd8 68. Bb4 Bc7 69. Kf3 Bd8 70. Bf8 Ba5 71. Bg7 Bd8 1/2-1/2

[Event "Liberec op 18th"]
[Site "Liberec"]
[Date "2018.03.01"]
[Round "7"]
[White "Plischki, Sebastian"]
[Black "Parligras, Cosmin"]
[Result "1-0"]
[WhiteElo "2400"]
[BlackElo "2214"]
[PlyCount "69"]
[EventDate "2018.02.24"]
[EventType "swiss"]
[EventRounds "9"]
[EventCountry "CZE"]
[SourceTitle "CBM 183 Extra"]
[Source "ChessBase"]
[SourceDate "2018.04.19"]
[SourceVersion "1"]
[SourceVersionDate "2018.04.19"]
[SourceQuality "1"]

1. d4 Nf6 2. c4 e6 3. g3 Bb4+ 4. Bd2 Be7 5. Bg2 d5 6. Nf3 c6 7. Qc2 0-0 8. 0-0 b6 9. Rd1 Bb7 10. b3 Ne4 11. Nc3 f5 12. Bc1 Nd7 13. Bb2 Bd6 14. e3 Qe7 15. Ne2 Rac8 16. Nf4 g5 17. Nd3 g4 18. Nfe5 Nxe5 19. dxe5 Bc7 20. Bxe4 fxe4 21. Nf4 Rf5 22. Qe2 h5 23. h3 gxh3 24. Kh2 Kf7 25. cxd5 cxd5 26. Rac1 Bxe5 27. Rxc8 Bxc8 28. Bxe5 Rxe5 29. Rc1 Bd7 30. Rc7 Qd6 31. Rxa7 Rg5 32. Qd2 Kf6 33. Qd4+ Kf5 34. Qh8 Kg4 35. Nxh3 1-0

[Event "Liberec op 18th"]
[Site "Liberec"]
[Date "2018.02.24"]
[Round "1"]
[White "Zitek, Jiri"]
[Black "Parligras, Cosmin"]
[Result "0-1"]
[WhiteElo "1664"]
[BlackElo "2214"]
[PlyCount "110"]
[EventDate "2018.02.24"]
[EventType "swiss"]
[EventRounds "9"]
[EventCountry "CZE"]
[SourceTitle "CBM 183 Extra"]
[Source "ChessBase"]
[SourceDate "2018.04.19"]
[SourceVersion "1"]
[SourceVersionDate "2018.04.19"]
[SourceQuality "1"]

1. e4 c5 2. Nc3 Nc6 3. Nge2 Nf6 4. d4 cxd4 5. Nxd4 d6 6. Be2 g6 7. 0-0 Bg7 8. Be3 0-0 9. Kh1 Bd7 10. f4 Qa5 11. Bf3 Rfe8 12. Nxc6 bxc6 13. Bd2 Qc7 14. Qe2 e6 15. Rad1 Rab8 16. b3 Bc8 17. g4 Nd7 18. Qg2 Ba6 19. Rfe1 Rbd8 20. Ne2 Bxe2 21. Bxe2 c5 22. h4 Nb6 23. a4 Qe7 24. Qh3 Nd7 25. Ba5 Nb6 26. Bb5 Rf8 27. Re2 Qb7 28. Qg2 Rc8 29. Rxd6 Qe7 30. e5 Qxh4+ 31. Qh2 Qxg4 32. Rg2 Qf3 33. Be2 Qb7 34. Qg3 Rfd8 35. Bf3 Qa6 36. Bxb6 Rxd6 37. exd6 Qxb6 38. Rd2 Rd8 39. f5 exf5 40. Qh4 Rxd6 41. Rh2 h5 42. Re2 Re6 43. Rd2 Qb4 44. Qd8+ Kh7 45. Kg2 Bf6 46. Qd7 Kg7 47. Qd3 Qf4 48. Rd1 Re3 49. Qf1 Be5 50. Qf2 g5 51. Rd7 g4 52. Bd5 Rg3+ 53. Kf1 Qc1+ 54. Ke2 Qxc2+ 55. Ke1 Bc3+ 0-1

[Event "Rome City op 2nd"]
[Site "Rome"]
[Date "2017.12.04"]
[Round "2"]
[White "Liang, Awonder"]
[Black "Parligras, Cosmin"]
[Result "1-0"]
[WhiteElo "2573"]
[BlackElo "2237"]
[PlyCount "25"]
[EventDate "2017.12.03"]
[EventType "swiss"]
[EventRounds "9"]
[EventCountry "ITA"]
[SourceTitle "CBM 182 Extra"]
[Source "ChessBase"]
[SourceDate "2018.02.23"]
[SourceVersion "1"]
[SourceVersionDate "2018.02.23"]
[SourceQuality "1"]

1. e4 e5 2. Nf3 Nf6 3. Nc3 Bb4 4. Nxe5 Qe7 5. Nd3 Bxc3 6. dxc3 Nxe4 7. Be2 d5 8. Nf4 c6 9. 0-0 0-0 10. c4 dxc4 11. Bxc4 Bf5 12. Qe2 Qc7 13. g4 1-0

[Event "Seville op 42nd"]
[Site "Seville"]
[Date "2017.01.15"]
[Round "3"]
[White "Burmakin, Vladimir"]
[Black "Parligras, Cosmin"]
[Result "1-0"]
[WhiteElo "2526"]
[BlackElo "2266"]
[PlyCount "121"]
[EventDate "2017.01.13"]
[EventType "swiss"]
[EventRounds "9"]
[EventCountry "ESP"]
[SourceTitle "EXT 2019"]
[Source "ChessBase"]
[SourceDate "2018.10.10"]
[SourceVersion "1"]
[SourceVersionDate "2018.10.10"]
[SourceQuality "1"]

1. d4 Nf6 2. Nf3 e6 3. c4 b6 4. g3 Bb7 5. Bg2 Be7 6. 0-0 0-0 7. Re1 d6 8. Nc3 Ne4 9. Qd3 f5 10. Nd2 d5 11. cxd5 exd5 12. Nf3 c5 13. dxc5 bxc5 14. Rd1 c4 15. Qc2 Na6 16. Be3 Nb4 17. Qc1 Qa5 18. Nd4 Rae8 19. a3 Na6 20. Nxe4 fxe4 21. b3 cxb3 22. Nxb3 Qa4 23. Nd4 Nc5 24. Rb1 Ba6 25. Bh3 Bc8 26. Bxc8 Rxc8 27. Qb2 Bf6 28. Qb5 Rfd8 29. Rdc1 a6 30. Qb4 a5 31. Qb5 Qxb5 32. Rxb5 Na4 33. Rxc8 Rxc8 34. Rxd5 Nc3 35. Rd7 Bxd4 36. Bxd4 Nxe2+ 37. Kg2 Nxd4 38. Rxd4 e3 39. fxe3 Rc3 40. Ra4 Rxe3 41. Rxa5 Re2+ 42. Kh3 Kf7 43. a4 Ra2 44. g4 h6 45. Rf5+ Kg6 46. a5 Ra3+ 47. Kg2 Ra2+ 48. Kg3 Ra3+ 49. Kf4 Ra4+ 50. Ke3 h5 51. Rxh5 Rxg4 52. Rb5 Ra4 53. Kd3 Ra2 54. h4 Ra4 55. h5+ Kh6 56. Kc3 g5 57. hxg6 Kxg6 58. Kb3 Ra1 59. Kb4 Kf6 60. Kc5 Ke6 61. Kb6 1-0

[Event "Benidorm op U2300 15th"]
[Site "Benidorm"]
[Date "2016.12.02"]
[Round "1"]
[White "Parligras, Cosmin"]
[Black "Pavel, Sebastian Ionut"]
[Result "1-0"]
[WhiteElo "2277"]
[BlackElo "2108"]
[PlyCount "90"]
[EventDate "2016.12.02"]
[EventType "swiss"]
[EventRounds "10"]
[EventCountry "ESP"]
[SourceTitle "EXT 2019"]
[Source "ChessBase"]
[SourceDate "2018.10.10"]
[SourceVersion "1"]
[SourceVersionDate "2018.10.10"]
[SourceQuality "1"]

1. Nf3 Nf6 2. g3 g6 3. Bg2 Bg7 4. d4 0-0 5. 0-0 d6 6. b3 Nc6 7. Bb2 a6 8. c4 Rb8 9. d5 Na5 10. Bc3 c5 11. Qe1 b6 12. e4 e6 13. dxe6 Bxe6 14. Bxa5 bxa5 15. Nc3 Re8 16. Nd2 Ng4 17. Rc1 Bd4 18. Nf3 Ne5 19. Qd2 Nxf3+ 20. Bxf3 Bd7 21. Bg2 a4 22. Ne2 axb3 23. axb3 Rxb3 24. Nxd4 cxd4 25. Qxd4 Qb6 26. Rfd1 Rb2 27. Qxb6 Rxb6 28. c5 Rc6 29. e5 d5 30. Rxd5 Rc7 31. Rxd7 Rxd7 32. Bc6 Rdd8 33. Bxe8 Rxe8 34. c6 a5 35. f4 f6 36. Kf2 fxe5 37. fxe5 Kf7 38. Ke3 Ke7 39. Kd4 Kd8 40. Kd5 Kc7 41. Rf1 a4 42. Rf7+ Kb6 43. Kd6 a3 44. Rb7+ Ka5 45. c7 Ra8 1-0

[Event "Guernsey op 42nd"]
[Site "Vale"]
[Date "2016.10.16"]
[Round "1"]
[White "French, Max"]
[Black "Parligras, Cosmin"]
[Result "0-1"]
[WhiteElo "1983"]
[BlackElo "2263"]
[PlyCount "74"]
[EventDate "2016.10.16"]
[EventType "swiss"]
[EventRounds "7"]
[EventCountry "GCI"]
[SourceTitle "CBM 175 Extra"]
[Source "ChessBase"]
[SourceDate "2016.12.12"]
[SourceVersion "1"]
[SourceVersionDate "2016.12.12"]
[SourceQuality "1"]

1. d4 Nf6 2. c4 e6 3. Nf3 b6 4. a3 Bb7 5. Nc3 d5 6. Bg5 Be7 7. e3 0-0 8. Rc1 Nbd7 9. cxd5 exd5 10. Bd3 Ne4 11. Bf4 c5 12. 0-0 Bf6 13. Bb1 a6 14. Qb3 Nxc3 15. Rxc3 Re8 16. Bf5 c4 17. Qd1 b5 18. Nd2 g6 19. Bb1 a5 20. Qf3 Qe7 21. Rcc1 Nb6 22. h3 Bg7 23. Qg3 Rac8 24. Bd6 Qd8 25. Bc5 Na4 26. b4 Nxc5 27. bxc5 b4 28. axb4 axb4 29. f4 f5 30. Rfe1 b3 31. Nf3 Qa5 32. Ne5 c3 33. Bd3 c2 34. Ra1 Qc3 35. Bb5 b2 36. Bxe8 bxa1Q 37. Bf7+ Kf8 0-1